000 00810nam a2200181Ia 4500
008 090123s9999 xx 000 0 und d
082 _b34250
100 _aनगर्सेकर सुरेश
245 _aरोगप्रतिकारकशक्ति वाढविणारी प्रभावी औषधे
250 _a1
260 _bमनोरमा प्रकाशन
300 _a335
600 _aनगर्सेकर सुरेश
630 _aरोगप्रतिकारकशक्ति वाढविणारी प्रभावी औषधे
700 _aनगर्सेकर सुरेश
730 _aरोगप्रतिकारकशक्ति वाढविणारी प्रभावी औषधे
942 _cBOOK
999 _c72289
_d72289